| 000 | 00776 a2200193 4500 | ||
|---|---|---|---|
| 003 | Nust | ||
| 005 | 20230105163254.0 | ||
| 020 | _a9789350141540 | ||
| 040 | _cNust | ||
| 082 | _a621.3824,GAU | ||
| 100 |
_aDr. A.K. Gautam _9106769 |
||
| 245 |
_aAntenna Wave Propogation and TV Engineering / _cDr. A.K. Gautam |
||
| 250 | _a1st ed. | ||
| 260 |
_aDaryaganj Delhi _bS.K Kataria and sons _c2011 |
||
| 300 | _axiii,490p. | ||
| 505 | _aElectromagnetic Field Radiation (Page 1-47), Antenna Terminology (Page 48-117), Antenna Arrays (Page 118-198), Practical Antennas (Page 199-295), Propagation (Page 296-383), Television System (Page 384-408). Multipul Choice Questions (Page 409-427), Appendices (Page 429-481). | ||
| 650 | _aTelecommunication Engineering | ||
| 942 |
_2ddc _cBK |
||
| 999 |
_c189249 _d189249 |
||